Tippy Lemmey / (Record no. 2145)

MARC details
000 -LEADER
fixed length control field 01209cam a22003613a 4500
001 - CONTROL NUMBER
control field 2145
003 - CONTROL NUMBER IDENTIFIER
control field FISKH
005 - DATE AND TIME OF LATEST TRANSACTION
control field 20231107141701.0
008 - FIXED-LENGTH DATA ELEMENTS--GENERAL INFORMATION
fixed length control field 040116s2003 nyua j 000 1 eng d
010 ## - LIBRARY OF CONGRESS CONTROL NUMBER
LC control number 2004266952
020 ## - INTERNATIONAL STANDARD BOOK NUMBER
International Standard Book Number 068985594X (lib. bdg.)
020 ## - INTERNATIONAL STANDARD BOOK NUMBER
International Standard Book Number 9780689850196
035 ## - SYSTEM CONTROL NUMBER
System control number (OCoLC)ocm51814999
040 ## - CATALOGING SOURCE
Original cataloging agency EOW
Transcribing agency EOW
Modifying agency TPN
-- OCLCQ
-- BAKER
-- DLC
Language of cataloging eng
043 ## - GEOGRAPHIC AREA CODE
Geographic area code n-us-tn
050 00 - LIBRARY OF CONGRESS CALL NUMBER
Classification number MLCS 2006/42182 (P)
082 ## - DEWEY DECIMAL CLASSIFICATION NUMBER
Classification number 813.6
100 1# - MAIN ENTRY--PERSONAL NAME
Personal name McKissack, Pat,
Dates associated with a name 1944-2017.
245 10 - TITLE STATEMENT
Title Tippy Lemmey /
Statement of responsibility, etc. by Patricia C. McKissack ; illustrated by Susan Keeter.
260 ## - PUBLICATION, DISTRIBUTION, ETC.
Place of publication, distribution, etc. New York :
Name of publisher, distributor, etc. Aladdin,
Date of publication, distribution, etc. 2003.
300 ## - PHYSICAL DESCRIPTION
Extent 59 pages :
Other physical details illustrations ;
Dimensions 20 cm
440 #0 - SERIES STATEMENT/ADDED ENTRY--TITLE
Title Ready-for-chapters
505 ## - FORMATTED CONTENTS NOTE
Formatted contents note O<br/>
520 ## - SUMMARY, ETC.
Summary, etc. Leandra, Paul, and Jeannie keep trying to avoid a dog named Tippy Lemmey until they discover that he is not really their enemy.<br/>
521 ## - TARGET AUDIENCE NOTE
Target audience note 610<br/>
Source Lexile<br/>
521 ## - TARGET AUDIENCE NOTE
Target audience note O<br/>
Source Raz-Plus<br/>
650 #0 - SUBJECT ADDED ENTRY--TOPICAL TERM
Topical term or geographic name entry element Dogs
Form subdivision Juvenile fiction.
650 #0 - SUBJECT ADDED ENTRY--TOPICAL TERM
Topical term or geographic name entry element African Americans
Geographic subdivision Tennessee
Form subdivision Juvenile fiction.
651 #0 - SUBJECT ADDED ENTRY--GEOGRAPHIC NAME
Geographic name Tennessee
Form subdivision Juvenile fiction.
700 1# - ADDED ENTRY--PERSONAL NAME
Personal name Keeter, Susan,
Relator term illustrator
906 ## - LOCAL DATA ELEMENT F, LDF (RLIN)
a 7
b cbc
c copycat
d 4
e ncip
f 20
g y-gencatlg
942 ## - ADDED ENTRY ELEMENTS (KOHA)
Source of classification or shelving scheme Dewey Decimal Classification
Koha item type Books
Suppress in OPAC No
Holdings
Withdrawn status Lost status Source of classification or shelving scheme Damaged status Not for loan Collection Home library Current library Shelving location Date acquired Total Checkouts Full call number Barcode Date last seen Price effective from Koha item type
    Dewey Decimal Classification     Juvenile Fiction Footprints International School Library Network Toul Kork Campus Footprints International School Library Network Toul Kork Campus TK Primary Library Room(4th Floor), Bookcase 3&4, Shelves 17-32, Yellow Books 11/07/2023   MCK 813.6 PZ7.M478693 FISTK00660 11/07/2023 11/07/2023 Books